| 000 | 00725nam a22002537a 4500 | ||
|---|---|---|---|
| 003 | OSt | ||
| 005 | 20251126133539.0 | ||
| 008 | 251126b |||||||| |||| 00| 0 eng d | ||
| 020 | _a8525409944 | ||
| 040 | _cNolita | ||
| 041 | _aPortuguês | ||
| 100 | 1 |
_aLancellotti, Sílvio, _d1944- _9273 |
|
| 245 |
_a100 receitas de macarrão / _cSílvio Lancellotti |
||
| 246 | _a[Cem receitas de macarrão] | ||
| 260 |
_aPorto Alegre : _bL&PM, _c1999 |
||
| 300 |
_a170 p. ; _c19 cm |
||
| 490 |
_a(Coleção L&PM Pocket Gastronomia ; _vv. 1) |
||
| 500 | _aInclui índice. | ||
| 650 | 0 |
_aGastronomia _97 |
|
| 650 | 0 |
_aCulinária _xMassas _9133 |
|
| 650 | 0 |
_aCulinária _xMacarrão _9600 |
|
| 650 | 0 |
_aReceitas _912 |
|
| 942 |
_2ddc _cBK _n0 |
||
| 999 |
_c1014 _d1014 |
||